Cliquez sur les départements grâce aux préfectures sur une carte - Statistiques

Statistiques générales
  • Ce quiz a été pris 50 481 fois
    50 480 depuis la dernière actualisation
  • Le résultat moyen est 47 sur 101
Réponses sur la Carte
Les réponses sont colorées sur une échelle allant du rouge au vert en fonction du pourcentage des utilisateurs qui les ont devinées à leur premier essai. Vous pouvez retrouver ces pourcentages ci-dessous.
 
Statistiques - réponses
Réponse % Correct
Bordeaux
75%
Paris
75%
Strasbourg
74%
Lille
72%
Marseille
71%
Bastia
68%
Nice
67%
Ajaccio
65%
Montpellier
64%
Nantes
64%
Rennes
64%
La Rochelle
62%
Perpignan
60%
Caen
59%
Lyon
59%
Cayenne
58%
Quimper
57%
Toulon
57%
Colmar
56%
Annecy
55%
Clermont-Ferrand
55%
Dijon
55%
Grenoble
55%
Saint-Brieuc
55%
Vannes
55%
Versailles
55%
Belfort
53%
Fort-de-France
53%
La Roche-sur-Yon
53%
Nîmes
53%
Orléans
53%
Saint-Étienne
53%
Angers
52%
Le Mans
52%
Beauvais
50%
Bobigny
50%
Chambéry
50%
Nanterre
50%
Basse-Terre
49%
Créteil
49%
Mamoudzou
49%
Amiens
48%
Arras
48%
Avignon
48%
Carcassonne
48%
Toulouse
48%
Rouen
47%
Saint-Lô
46%
Valence
46%
Metz
45%
Nancy
44%
Pau
44%
Charleville-Mézières
43%
Chartres
43%
Laval
43%
Melun
43%
Poitiers
43%
Auxerre
42%
Mâcon
42%
Tours
42%
Troyes
42%
Bourg-en-Bresse
41%
Bourges
41%
Évreux
41%
Périgueux
41%
Besançon
40%
Cergy-Pontoise
40%
Châlons-en-Champagne
40%
Évry-Courcouronnes
40%
Niort
40%
Angoulême
39%
Blois
39%
Mont-de-Marsan
39%
Nevers
39%
Rodez
39%
Albi
38%
Épinal
38%
Gap
38%
Limoges
38%
Aurillac
37%
Moulins
37%
Châteauroux
36%
Alençon
35%
Digne-les-Bains
35%
Foix
35%
Laon
35%
Le-Puy-en-Velay
35%
Tarbes
35%
Tulle
35%
Privas
34%
Saint-Denis
34%
Agen
33%
Auch
33%
Montauban
33%
Guéret
32%
Lons-le-Saunier
32%
Mende
32%
Bar-le-Duc
31%
Vesoul
31%
Cahors
30%
Chaumont
29%
Aucun quiz correspondant
Distribution des résultats
% des personnes avec chaque résultat
Percentile par nombre de réponses
Votre historique - résultats
Vous n’avez pas pris ce quiz depuis la dernière actualisation